|
|
|
|
| LEADER |
00000nam a2200000 a 4500 |
| 001 |
UCH8308 |
| 003 |
CL-VaPUC |
| 008 |
091127e20000000CL |||||||||||||||||spa|d |
| 020 |
|
|
|a 9561805049
|
| 082 |
0 |
4 |
|a 407.12
|b FER
|2 21
|
| 100 |
0 |
|
|a Fernández Pérez, José Luis
|e author
|9 544838
|
| 700 |
0 |
|
|a Villalobos Faúndez, Angel
|e author
|9 544839
|
| 245 |
1 |
0 |
|a Lengua castellana y comunicación 2§ medio
|
| 250 |
|
|
|a 1a. ed
|
| 300 |
|
|
|a 410 p
|
| 942 |
|
|
|c BK
|
| 945 |
|
|
|d 20091127 00:00:00
|a lazolas
|
| 260 |
|
|
|a Santiago
|b Edebé
|c 2000
|
| 650 |
|
0 |
|a Educación lingüística
|9 306506
|
| 650 |
|
0 |
|a Libros de texto
|9 270019
|
| 650 |
|
0 |
|a Métodos de enseñanza
|9 270413
|
| 583 |
|
|
|a last modification
|c 20091127 00:00:00
|k Rodrigo Vera
|
| 999 |
|
|
|c 338535
|d 338533
|